000 00449nam a2200169 a 4500
001 4737
003 CO-ViMGA
008 141112s2004 ck r 000 u spa d
040 _aCO-ViMGA
_bspa
_cCO-ViMGA
082 0 4 _a617 W653
100 1 _aWolfsthal, Susan D
_92874
245 1 0 _aManejo clínico del paciente quirúrgico
260 _aBogotá :
_bPanAméricana,
_c1991
300 _a494 p
650 1 4 _aCIRUGIA - PREPARACION
_92875
942 _2ddc
_cBK
999 _c16745
_d16745